Jeden z dziesięciu 7 - Statystyki

Ogólne statystyki
  • Ten quiz został rozwiązany 21 razy
  • Średni wynik to 31 z 40
Statystyki odpowiedzi
Zagadnienie Odpowiedź % Poprawnych
Jak nazywała się miejscowość na Litwie, w pobliżu której organizacja bojowa PPS, pod przywództwem Józefa Piłsudskiego, napadła na carski pociąg pocztowy? Bezdany
100%
Rezydencja których dostojników z Tybetu nosi nazwę "Potala"? Dalajlamy
100%
Jak nazywa się bohater serii książek dla dzieci Hugh Loftinga, który potrafi rozmawiać ze zwierzętami? Dr. Dolittle
100%
Stanisław Koniecpolski herbu Pobóg był Hetmanem Wielkim Koronnym czy królem Litwy? Hetmanem Wielkim Koronnym
100%
Jak nazywa się linia na mapie pogody łącząca punkty o tej samej wartości ciśnienia? Izobara
100%
Jak miał na imię ojciec Marii, matki Jezusa? Joachim
100%
Jak nazywa się część układu oddechowego, w której znajdują się struny głosowe? Krtań
100%
Serce to mięsień, gruczoł czy receptor? Mięsień
100%
Czy jidysz jest językiem urzędowym w Izraelu? Nie
100%
Czy aktor Eugeniusz Bodo zagrał w pierwszych polskich filmach wyreżyserowanych po II Wojnie Światowej? Nie
100%
Jeśli cenę jakiegoś towaru obniżymy o 30% a następnie podwyższymy o 30% to otrzymamy cenę tę samą, niższą czy wyższą? Niższą
100%
Kto napisał "Heroidy" - fikcyjny zbiór listów miłosnych mitologicznych bohaterek do ich kochanków? Owidiusz
100%
Czy paliwo LPG, dostępne na stacjach benzynowych, to biopaliwo czy paliwo gazowe? Paliwo gazowe
100%
Jak nazywa się największa ryba? Rekin wielorybi
100%
Które państwa połączył most nad cieśniną Oresund? Szwecję i Danię
100%
Czy grając na marimbie używa się pałeczek? Tak
100%
Jak nazywa się pisarz, autor serii powieści "Świat Dysku"? Terry Pratchett
100%
Medelin, Bogota, Cartagena. W którym południowoamerykańskim państwie leżą te miasta? W Kolumbii
100%
W którym dziele Niccolo Machiavelli zawarł maksymę że "cel uświęca środki"? W "Księciu"
100%
W którym państwie przyznawane jest odznaczenie państwowe "Zasłużony Kulturze Gloria Artis"? W Polsce
100%
Jaki pseudonim przyjął bohater wielu filmów, don Diego de la Vega, aby bronić uciśnionych? Zorro
100%
Gliceryna jest alkoholem, fenolem czy tłuszczem? Alkoholem
67%
Jak nazywał się włoski rzeźbiarz, który dla Napoleona stworzył takie dzieła jak "Napoleon jako Apollo" czy "Paulina Borghese jako zwycięska Wenus"? Antonio Canova
67%
Jak nazywa się najniższy głos męski? Bas
67%
Czyje były noce w tytule filmu Federico Felliniego? Cabirii
67%
Kto jest autorem dzieł "Tako rzecze Zaratustra" oraz "Wola mocy"? Friedrich Nietzsche
67%
"Dom Francji" to określenie dynastii i rodów wywodzących się od którego króla Francji? Hugo Kapeta
67%
Jakie imię nosiła królowa Bałtyku, która według legendy pokochała młodego rybaka i zapłaciła za to straszliwą cenę? Jurata
67%
Jak nazywamy rodzaj bilarda, granego na stole bez łuz a także zderzenie wielu pojazdów na raz? Karambol
67%
Kto był ojcem króla Polski Bolesława zwanego Śmiałym lub Szczodrym? Kazimierz Odnowiciel
67%
Kto jest autorem obrazów "Kochankowie w bzach" "Światło księżyca" i "Skrzypek"? Marc Chagall
67%
Jan Sebastian Bach w młodości uczył się gry na instrumentach smyczkowych ale jego twórczość była związana z innym instrumentem. Którym? Organami
67%
Ile zer zawiera liczba "dwa i pół miliona"? Pięć
67%
Która muza w mitologii greckiej nie trzyma w ręku żadnego atrybutu? Polihymnia
67%
Ile jest obecnie znanych, naturalnych satelitów Plutona? 5
33%
U ujścia której dużej rzeki leży Szanghaj? Jangcy
33%
"Kurza Stopka" to nazwa którego zamku? Wawelu w Krakowie
33%
Z co najmniej ilu gemów w tenisie składa się set? Z co najmniej 6
33%
Z którego miasta wystartował tegoroczny ( 2024 r.) wyścig kolarski Tour de Pologne? Z Wrocławia
33%
Z którym programem polskiego radia przez wiele lat związani byli Wojciech Mann i Piotr Baron? Z trzecim programem Polskiego Radia
0%
Nie znaleziono quizów pasujących do podanych kryteriów
Rozkład punktacji
Procent ludzi z każdym wynikiem
Percentyl według liczby udzielonych odpowiedzi
Twoja historia wyników
Nie rozwiązałeś tego quizu